[Event "Niederbayernliga 1415"]
[Site "Bayern"]
[Date "2015.04.12"]
[Round "9.1"]
[White "Heyne, Martin"]
[Black "Theiss, Johann"]
[Result "1-0"]
[WhiteElo "2049"]
[BlackElo "1991"]
[PlyCount "93"]
[EventDate "2014.10.19"]
[EventType "team-tourn"]
[EventRounds "9"]
[EventCountry "GER"]
[SourceTitle "EXT 2023"]
[Source "ChessBase"]
[SourceDate "2022.10.05"]
[SourceVersion "1"]
[SourceVersionDate "2022.10.05"]
[SourceQuality "1"]
[WhiteTeam "Schaibing"]
[BlackTeam "Landau Dingolfing"]
[WhiteTeamCountry "GER"]
[BlackTeamCountry "GER"]

1. d4 f5 2. c4 e6 3. Nc3 Bb4 4. Qb3 a5 5. g3 Nf6 6. Bg2 0-0 7. Nf3 Ne4 8. 0-0 Bxc3 9. bxc3 d6 10. Nd2 a4 11. Qc2 Nxd2 12. Qxd2 Nc6 13. Ba3 Na5 14. Qd3 Ra7 15. Bb4 b6 16. c5 bxc5 17. dxc5 d5 18. c6 Re8 19. Qb5 Nc4 20. Rfd1 Ba6 21. Qc5 Qa8 22. f3 Nd6 23. e4 Bc4 24. exd5 Bxd5 25. f4 Ne4 26. Bxe4 Bxe4 27. Rd7 Bxc6 28. Rad1 Bxd7 29. Rxd7 Qc8 30. Qd4 e5 31. fxe5 c5 32. Qc4+ Kh8 33. Rxa7 Rxe5 34. Qf7 Qg8 35. Qxg8+ Kxg8 36. Ba3 Re3 37. Bxc5 Rxc3 38. Bd4 Rc1+ 39. Kg2 Rc2+ 40. Kf3 g6 41. Rxa4 Rxh2 42. Ra8+ Kf7 43. a4 Ke6 44. a5 Kd5 45. a6 Ra2 46. a7 Ke6 47. Rg8 1-0

[Event "Niederbayernliga 1415"]
[Site "Bayern"]
[Date "2014.12.06"]
[Round "4.1"]
[White "Kampmann, Lutz"]
[Black "Heyne, Martin"]
[Result "1/2-1/2"]
[WhiteElo "2176"]
[BlackElo "2049"]
[PlyCount "46"]
[EventDate "2014.10.19"]
[EventType "team-tourn"]
[EventRounds "9"]
[EventCountry "GER"]
[SourceTitle "EXT 2023"]
[Source "ChessBase"]
[SourceDate "2022.10.05"]
[SourceVersion "1"]
[SourceVersionDate "2022.10.05"]
[SourceQuality "1"]
[WhiteTeam "Geiselhoering"]
[BlackTeam "Schaibing"]
[WhiteTeamCountry "GER"]
[BlackTeamCountry "GER"]

1. d4 d5 2. c4 c6 3. cxd5 cxd5 4. Nf3 Nc6 5. Bf4 Nf6 6. e3 Bg4 7. Nc3 a6 8. Be2 e6 9. Qb3 Bxf3 10. gxf3 Ra7 11. Rc1 Bd6 12. Bxd6 Qxd6 13. Na4 Nd7 14. Nc5 Nxc5 15. Rxc5 0-0 16. Qb6 Qd7 17. 0-0 Raa8 18. Rfc1 e5 19. dxe5 Nxe5 20. Rc7 Qh3 21. Qxb7 Nxf3+ 22. Bxf3 Qxf3 23. Rd7 Qg4+ 1/2-1/2

[Event "Niederbayern-ch"]
[Site "Untergriesbach"]
[Date "2013.04.05"]
[Round "4"]
[White "Wimmer, Martin1111"]
[Black "Heyne, Martin"]
[Result "1/2-1/2"]
[WhiteElo "1990"]
[BlackElo "2043"]
[PlyCount "25"]
[EventDate "2013.04.04"]
[EventType "swiss"]
[EventRounds "7"]
[EventCountry "GER"]
[SourceTitle "EXT 2023"]
[Source "ChessBase"]
[SourceDate "2022.10.05"]
[SourceVersion "1"]
[SourceVersionDate "2022.10.05"]
[SourceQuality "1"]

1. e4 c6 2. d4 d5 3. Nc3 dxe4 4. Nxe4 Nd7 5. Bc4 e6 6. Bf4 Nb6 7. Bb3 Be7 8. Nf3 Nf6 9. Qe2 Nbd5 10. Be5 Nxe4 11. Qxe4 Nf6 12. Qf4 Nd5 13. Qe4 1/2-1/2

[Event "Niederbayernliga 1112"]
[Site "Bayern"]
[Date "2012.??.??"]
[Round "6"]
[White "Grum, Theodor"]
[Black "Heyne, Martin"]
[Result "0-1"]
[WhiteElo "1825"]
[BlackElo "2082"]
[PlyCount "70"]
[EventDate "2011.10.??"]
[EventType "team-tourn"]
[EventRounds "9"]
[EventCountry "GER"]
[SourceTitle "EXT 2023"]
[Source "ChessBase"]
[SourceDate "2022.10.05"]
[SourceVersion "1"]
[SourceVersionDate "2022.10.05"]
[SourceQuality "1"]
[WhiteTeam "Grafenau"]
[BlackTeam "Schaibing"]
[WhiteTeamCountry "GER"]
[BlackTeamCountry "GER"]

1. e4 c6 2. d4 d5 3. Nc3 dxe4 4. Nxe4 Nd7 5. Bd3 Ngf6 6. Nxf6+ Nxf6 7. Ne2 Bg4 8. 0-0 e6 9. c3 Bd6 10. f3 Bh5 11. Bf4 Bg6 12. Bxg6 hxg6 13. Qd2 Nd5 14. Bxd6 Qxd6 15. g3 0-0-0 16. c4 Ne7 17. Qa5 Kb8 18. Rad1 Nf5 19. Rd3 Qc7 20. Qxc7+ Kxc7 21. Rfd1 Rd7 22. Kg2 Rhd8 23. g4 Nd6 24. b3 b5 25. cxb5 cxb5 26. d5 Ne8 27. Nc3 b4 28. Nb5+ Kb6 29. a4 Rxd5 30. Rxd5 Rxd5 31. Rxd5 exd5 32. Nd4 Kc5 33. Nc2 Nc7 34. Kf2 Ne6 35. Ke3 d4+ 0-1

[Event "Niederbayernliga 1112"]
[Site "Bayern"]
[Date "2012.??.??"]
[Round "5"]
[White "Heyne, Martin"]
[Black "Mueller, Michael3333"]
[Result "0-1"]
[WhiteElo "2082"]
[BlackElo "1990"]
[PlyCount "80"]
[EventDate "2011.10.??"]
[EventType "team-tourn"]
[EventRounds "9"]
[EventCountry "GER"]
[SourceTitle "EXT 2023"]
[Source "ChessBase"]
[SourceDate "2022.10.05"]
[SourceVersion "1"]
[SourceVersionDate "2022.10.05"]
[SourceQuality "1"]
[WhiteTeam "Schaibing"]
[BlackTeam "Bayerwald Regen"]
[WhiteTeamCountry "GER"]
[BlackTeamCountry "GER"]

1. e4 d6 2. d4 e5 3. dxe5 dxe5 4. Qxd8+ Kxd8 5. Bc4 f6 6. Be3 c6 7. Nc3 Kc7 8. 0-0-0 b5 9. Be2 Na6 10. f4 Bc5 11. Bxc5 Nxc5 12. fxe5 b4 13. exf6 Nxf6 14. Nb1 Ncxe4 15. Rf1 Be6 16. b3 Nd5 17. Bc4 Ne3 18. Rf4 Bxc4 19. bxc4 Rhf8 20. Rxe4 Rf1+ 21. Kd2 Nxg2 22. Re7+ Kb6 23. Rxg7 Nf4 24. h4 Rd8+ 25. Ke3 Re8+ 26. Kd2 Rxb1 27. Rh2 Ree1 28. Ne2 h5 29. Rg5 Nxe2 30. Rxe2 Rxe2+ 31. Kxe2 Rb2 32. Kd2 Rxa2 33. Rxh5 Ra1 34. Rh8 a5 35. h5 Rh1 36. h6 a4 37. c3 a3 38. Ra8 a2 39. h7 Rh2+ 40. Kd3 b3 0-1

[Event "Donau op 20th"]
[Site "Aschach"]
[Date "2011.12.31"]
[Round "7"]
[White "Knoll, Hermann"]
[Black "Heyne, Martin"]
[Result "1-0"]
[WhiteElo "2368"]
[BlackElo "2199"]
[PlyCount "25"]
[EventDate "2011.12.26"]
[EventType "swiss"]
[EventRounds "7"]
[EventCountry "AUT"]
[SourceTitle "CBM 146 Extra"]
[Source "ChessBase"]
[SourceDate "2012.02.29"]
[SourceVersion "1"]
[SourceVersionDate "2012.02.29"]
[SourceQuality "1"]

1. d4 c5 2. d5 e5 3. Nc3 d6 4. e4 Be7 5. Nf3 Bg4 6. a4 h6 7. b3 Bg5 8. Bb2 Ne7 9. Qd3 Bxf3 10. Qxf3 0-0 11. h4 Bf6 12. 0-0-0 g6 13. Qxf6 1-0

[Event "AUT-chT2M 0910"]
[Site "Austria"]
[Date "2009.10.10"]
[Round "1.5"]
[White "Petschar, Kurt"]
[Black "Heyne, Martin"]
[Result "1/2-1/2"]
[WhiteElo "2266"]
[BlackElo "2219"]
[PlyCount "84"]
[EventDate "2009.10.10"]
[EventType "team-tourn"]
[EventRounds "11"]
[EventCountry "AUT"]
[SourceTitle "EXT 1999"]
[Source "ChessBase"]
[SourceDate "1998.11.16"]
[SourceVersion "1"]
[SourceVersionDate "1998.11.16"]
[SourceQuality "1"]
[WhiteTeam "Klagenfurt"]
[BlackTeam "Sauwald"]
[WhiteTeamCountry "AUT"]
[BlackTeamCountry "AUT"]

1. e4 c6 2. c4 d5 3. exd5 cxd5 4. cxd5 Nf6 5. Bb5+ Nbd7 6. Nc3 a6 7. Be2 Nb6 8. Nf3 Nbxd5 9. d4 e6 10. 0-0 Be7 11. Ne5 b5 12. Nc6 Qd7 13. Nxe7 Nxe7 14. Bg5 Ned5 15. Qb3 0-0 16. a4 b4 17. Nxd5 Nxd5 18. a5 Bb7 19. Qg3 Ne7 20. Bd3 Rfe8 21. Rfd1 Qd5 22. Rac1 Nf5 23. Bxf5 Qxf5 24. Rc5 Bd5 25. Bh6 Qf6 26. Bg5 Qg6 27. Rdc1 f6 28. Bd2 Qxg3 29. hxg3 b3 30. Rc7 Reb8 31. f3 Rb7 32. Rxb7 Bxb7 33. Rc7 Bd5 34. g4 Rb8 35. Kf2 Rb7 36. Rc5 Kf7 37. Ke3 g5 38. Kd3 h6 39. Bc3 Kg6 40. Rc8 Rf7 41. Rg8+ Rg7 42. Re8 Rc7 1/2-1/2

[Event "Niederbayern-ch MK 50th"]
[Site "Teisnach"]
[Date "2009.??.??"]
[Round "7"]
[White "Heyne, Martin"]
[Black "Grum, Theodor"]
[Result "1/2-1/2"]
[WhiteElo "2166"]
[BlackElo "1745"]
[PlyCount "32"]
[EventDate "2009.??.??"]
[EventType "swiss"]
[EventRounds "7"]
[EventCountry "GER"]
[SourceTitle "EXT 2011"]
[Source "ChessBase"]
[SourceDate "2010.11.26"]
[SourceVersion "1"]
[SourceVersionDate "2010.11.26"]
[SourceQuality "1"]

1. d4 g6 2. e4 Bg7 3. f4 d6 4. Nf3 e6 5. c4 Nf6 6. Nc3 0-0 7. Be2 c5 8. dxc5 dxc5 9. 0-0 Qe7 10. e5 Ne8 11. Ne4 Nc6 12. Be3 b6 13. Qd2 Bb7 14. Nc3 Nc7 15. Rad1 Rfd8 16. Qc2 f6 1/2-1/2

[Event "Niederbayern-ch MK 50th"]
[Site "Teisnach"]
[Date "2009.??.??"]
[Round "5"]
[White "Heyne, Martin"]
[Black "Schmidbauer, Franz"]
[Result "1/2-1/2"]
[WhiteElo "2166"]
[BlackElo "1930"]
[PlyCount "66"]
[EventDate "2009.??.??"]
[EventType "swiss"]
[EventRounds "7"]
[EventCountry "GER"]
[SourceTitle "EXT 2011"]
[Source "ChessBase"]
[SourceDate "2010.11.26"]
[SourceVersion "1"]
[SourceVersionDate "2010.11.26"]
[SourceQuality "1"]

1. d4 Nf6 2. g3 g6 3. Bg2 Bg7 4. e4 d6 5. Nc3 c6 6. Nge2 0-0 7. 0-0 Nbd7 8. h3 Rb8 9. f4 e5 10. dxe5 dxe5 11. f5 Qc7 12. g4 Rd8 13. Be3 b6 14. Qe1 Ba6 15. Qf2 Bf8 16. Rfd1 Be7 17. Ng3 Rf8 18. g5 Ne8 19. f6 Bc5 20. Rd2 Rd8 21. Rad1 Nd6 22. Bxc5 Nxc5 23. Bf1 Bxf1 24. Kxf1 Ne6 25. h4 Nb7 26. Nce2 Rxd2 27. Rxd2 Rd8 28. Ng1 Rxd2 29. Qxd2 Nbc5 30. Nf3 a5 31. Kf2 Kf8 32. Qc3 Nd7 33. Qd3 Ndc5 1/2-1/2

[Event "Niederbayernliga 0708"]
[Site "Germany"]
[Date "2007.01.20"]
[Round "5.1"]
[White "Heyne, Martin"]
[Black "Huwa, Walter"]
[Result "1-0"]
[WhiteElo "2157"]
[BlackElo "2157"]
[PlyCount "81"]
[EventDate "2007.10.21"]
[EventType "team"]
[EventRounds "9"]
[EventCountry "GER"]
[SourceTitle "EXT 2009"]
[Source "ChessBase"]
[SourceDate "2008.11.26"]
[SourceVersion "1"]
[SourceVersionDate "2008.11.26"]
[SourceQuality "1"]
[WhiteTeam "Schaibing"]
[BlackTeam "Straubing"]
[WhiteTeamCountry "GER"]
[BlackTeamCountry "GER"]

1. Nf3 c5 2. g3 b6 3. Bg2 Bb7 4. 0-0 Nf6 5. c4 e6 6. Nc3 Be7 7. Rb1 a6 8. a3 Qc7 9. d3 0-0 10. b4 cxb4 11. axb4 d6 12. b5 a5 13. Bd2 Ra7 14. Nd4 Bxg2 15. Kxg2 Rd8 16. Qa4 Nfd7 17. Nc6 Nc5 18. Nxe7+ Qxe7 19. Qc2 Rc7 20. e4 Nbd7 21. f4 Nf6 22. f5 h6 23. Rbe1 Nh7 24. Re2 Nd7 25. Ref2 Ne5 26. Be3 Rb8 27. h3 Nd7 28. Qd2 Ng5 29. g4 Nh7 30. Ne2 d5 31. Nd4 dxe4 32. Nc6 Rxc6 33. bxc6 Ne5 34. Bf4 exf5 35. Bxe5 Qxe5 36. Rxf5 Qd6 37. Rxf7 Qxc6 38. Qc3 Nf6 39. R7xf6 gxf6 40. Rxf6 Qe8 41. Rxh6 1-0

[Event "Oberliga Bayern 0405"]
[Site "Bayern"]
[Date "2005.01.16"]
[Round "5.8"]
[White "Heyne, Martin"]
[Black "Baldauf, Marco"]
[Result "1/2-1/2"]
[WhiteElo "2141"]
[BlackElo "2087"]
[PlyCount "52"]
[EventDate "2004.10.24"]
[EventType "team-tourn"]
[EventRounds "9"]
[EventCountry "GER"]
[SourceTitle "EXT 2020"]
[Source "ChessBase"]
[SourceDate "2019.10.17"]
[SourceVersion "1"]
[SourceVersionDate "2019.10.17"]
[SourceQuality "1"]
[WhiteTeam "Passau"]
[BlackTeam "Pang/Rosenheim"]
[WhiteTeamCountry "GER"]
[BlackTeamCountry "GER"]

1. Nf3 Nf6 2. g3 c5 3. Bg2 Nc6 4. c4 e6 5. d4 cxd4 6. Nxd4 Bc5 7. Nb3 Be7 8. 0-0 d6 9. Nc3 Nd7 10. Nd4 Nce5 11. b3 a6 12. f4 Nc6 13. Be3 Nxd4 14. Bxd4 0-0 15. Rc1 Rb8 16. Ba7 Ra8 17. Bd4 Rb8 18. a4 Qc7 19. e4 b6 20. Qg4 Nf6 21. Qe2 Bb7 22. h3 Rbd8 23. Kh2 Nd7 24. Qg4 Nf6 25. Qe2 Nd7 26. Qg4 Nf6 1/2-1/2

[Event "AUT-chT2M 0405"]
[Site "Austria"]
[Date "2004.10.16"]
[Round "1.6"]
[White "Heyne, Martin"]
[Black "Soelkner, Karl"]
[Result "1/2-1/2"]
[WhiteElo "2202"]
[BlackElo "2042"]
[PlyCount "82"]
[EventDate "2004.10.16"]
[EventType "team-tourn"]
[EventRounds "11"]
[EventCountry "AUT"]
[SourceTitle "EXT 2005"]
[Source "ChessBase"]
[SourceDate "2004.11.15"]
[SourceVersion "1"]
[SourceVersionDate "2004.11.15"]
[SourceQuality "1"]
[WhiteTeam "Sauwald"]
[BlackTeam "Trofaiach Niklasdorf"]
[WhiteTeamCountry "AUT"]
[BlackTeamCountry "AUT"]

1. d4 Nf6 2. Nf3 b6 3. g3 Bb7 4. Bg2 e6 5. 0-0 Be7 6. c4 0-0 7. Nc3 Ne4 8. Nxe4 Bxe4 9. Nd2 Bxg2 10. Kxg2 d5 11. Qc2 c5 12. dxc5 Bxc5 13. Nb3 Be7 14. Bf4 Na6 15. cxd5 Qxd5+ 16. e4 Qb7 17. f3 Rac8 18. Qe2 Nb4 19. Rfc1 Rfd8 20. Rxc8 Rxc8 21. a3 Rc2 22. Nd2 Na6 23. b4 Bf6 24. e5 Be7 25. Qd3 Qc8 26. Kh3 g5 27. Be3 Qc3 28. Qxc3 Rxc3 29. Bxg5 Bxg5 30. Ne4 Rxf3 31. Nxg5 Rf5 32. Kg4 h6 33. Nh3 Rxe5 34. Rd1 Nc7 35. Rd7 Nb5 36. a4 Nc3 37. Rxa7 Re4+ 38. Kh5 Kg7 39. Nf4 Nd5 40. Nxd5 Re5+ 41. Kg4 Rxd5 1/2-1/2

[Event "Landesliga Sued 0304"]
[Site "Bayern"]
[Date "2004.02.15"]
[Round "6.2"]
[White "Heyne, Martin"]
[Black "Kunze, Holger"]
[Result "0-1"]
[WhiteElo "2199"]
[BlackElo "2258"]
[PlyCount "158"]
[EventDate "2003.10.12"]
[EventType "team-tourn"]
[EventRounds "9"]
[EventCountry "GER"]
[SourceTitle "EXT 2006"]
[Source "ChessBase"]
[SourceDate "2005.11.24"]
[SourceVersion "1"]
[SourceVersionDate "2005.11.24"]
[SourceQuality "1"]
[WhiteTeam "Waldkirch"]
[BlackTeam "Muenchen 36"]
[WhiteTeamCountry "GER"]
[BlackTeamCountry "GER"]

1. Nf3 Nf6 2. g3 c5 3. Bg2 Nc6 4. 0-0 g6 5. c4 Bg7 6. d4 cxd4 7. Nxd4 0-0 8. Nc3 Ng4 9. e3 d6 10. h3 Nge5 11. b3 Rb8 12. Bb2 a6 13. Qd2 Bxh3 14. f3 Bxg2 15. Kxg2 Nxd4 16. exd4 Nc6 17. d5 Ne5 18. Ne4 b5 19. Qd4 Qb6 20. c5 dxc5 21. Nxc5 Bf6 22. Ne4 Qxd4 23. Bxd4 Bg7 24. Rad1 Rfd8 25. Bc5 Rd7 26. f4 Ng4 27. Rd3 Rc8 28. b4 h6 29. Rfd1 f5 30. Nd2 Nf6 31. Nf3 Ne4 32. Rc1 Rcd8 33. Rc2 Kf7 34. Ra3 Ra8 35. Rd3 a5 36. Ne5+ Bxe5 37. fxe5 Ke8 38. e6 Rc7 39. Ra3 a4 40. Re3 Rac8 41. Rxe4 fxe4 42. Kf2 Kf8 43. Ke3 Kg8 44. Kxe4 Rf8 45. Rh2 Kh7 46. g4 Rf1 47. Re2 g5 48. Ke5 Rd1 49. Bxe7 Rxe7 50. d6 Re8 51. e7 Rg8 52. Rf2 Kg7 53. Ke6 Re1+ 54. Kd7 Ra8 55. Rd2 Re5 56. Kc6 Kf7 57. Rf2+ Ke6 58. Rf8 Ra6+ 59. Kb7 Kxd6 60. e8Q Rxe8 61. Rxe8 Kd7 62. Re5 Rd6 63. Rxb5 Rd4 64. Rb6 Rxg4 65. Rxh6 Rxb4+ 66. Ka6 a3 67. Rg6 g4 68. Ka5 Rf4 69. Kb5 Ke7 70. Kc5 Kf7 71. Rg5 Kf6 72. Rg8 Ke5 73. Rg7 Ra4 74. Kb5 Re4 75. Rf7 g3 76. Rf8 Rg4 77. Re8+ Kd4 78. Re1 g2 79. Rg1 Kc3 0-1